French Car Brands - Statistics

General Stats
  • This quiz has been taken 75 times
    60 since last reset
  • The average score is 4 of 12
Answer Stats
Model Brand % Correct
Clio Renault
87%
La Voiture Noire Bugatti
81%
A110s Alpine
72%
Onyx Peugeot
62%
Survolt Citroen
49%
E-Tense DS
36%
D12 Delage
13%
HK500 Facel Vega
6%
Akylone Genty
6%
Berlinette Hommel
6%
Atlantique Venturi
6%
Speedster II PGO
2%
No matching quizzes found
Score Distribution
Percent of People with Each Score
Percentile by Number Answered
Your Score History
You have not taken this quiz since the last reset